Welcome to the Holygrace Academy Library

Please use search bar below to get started

IAM MALALA (Record no. 5612)

MARC details
000 -LEADER
fixed length control field 00286nam a22001337a 4500
020 ## - INTERNATIONAL STANDARD BOOK NUMBER
ISBN 978-1-7802-2658-3
082 ## - DEWEY DECIMAL CLASSIFICATION NUMBER
Classification number 920
Item number YOU/I
100 ## - MAIN ENTRY--AUTHOR NAME
Personal name YOUSAFZAI,MALALA
245 ## - TITLE STATEMENT
Title IAM MALALA
260 ## - PUBLICATION, DISTRIBUTION, ETC. (IMPRINT)
Name of publisher WEIDENFELD NICOLSON
300 ## - PHYSICAL DESCRIPTION
Number of Pages 291
650 ## - SUBJECT ADDED ENTRY--TOPICAL TERM
Topical Term ABOUT MALALA
Geographic subdivision LONDON
942 ## - ADDED ENTRY ELEMENTS (KOHA)
Koha item type Books
Holdings
Withdrawn status Lost status Home library Current library Shelving location Date acquired Full call number Accession Number Koha item type Collection code Source of acquisition
    Main Library Main Library SHELF-17-J-BIOGRAPHIES & AUTOBIOGRAPHIES 07/11/2016 920 YOU/I 09856 Books    
    Main Library Main Library SHELF-17-J-BIOGRAPHIES & AUTOBIOGRAPHIES 25/01/2019 920 YOU/I 10665 Books Reference PURCHASE